|
|
|
|
| LEADER |
00000nab a2200000 a 4500 |
| 001 |
vtls000924622 |
| 003 |
SK-MaSNL |
| 005 |
20260318124659.0 |
| 008 |
040720e19970000xo 0 hun |
| 035 |
|
|
|a KE33499
|
| 040 |
|
|
|a KEVKJB
|b slo
|c KEVKJB
|e AACR2
|
| 041 |
1 |
|
|h slo
|
| 044 |
|
|
|a xo
|c SK
|
| 080 |
|
|
|a 894.511(437.6)-051
|2 1981
|
| 100 |
1 |
|
|a Zeberényi, Zoltán
|4 aut
|9 1255931
|
| 245 |
1 |
0 |
|a Örökös tartozásban
|b Pályaképvázlat Gál Sándorról
|
| 590 |
|
|
|a Gál, Sándor 1937-,
|b maďarský básnik, spisovateľ, publicista
|
| 600 |
1 |
7 |
|a Gál, Sándor,
|d 1937-2021,
|2 KEVKJB
|9 242772
|
| 650 |
0 |
7 |
|a dielo
|2 KEVKJB
|9 432553
|
| 650 |
0 |
7 |
|a pôsobenie
|2 KEVKJB
|9 877655
|
| 651 |
|
7 |
|a Košice (Slovensko)
|2 KEVKJB
|9 18694
|
| 651 |
|
7 |
|a KE,
|2 KEVKJB
|9 877256
|
| 655 |
|
7 |
|a periodikum
|2 snkbucl
|9 29553
|
| 773 |
0 |
8 |
|t Irodalmi Szemle
|g Roč. 40
|g Roč. 20, č.11-12 (1997), s. 46-50
|
| 852 |
|
|
|a ZVYKNI
|b KIS3GCP
|
| 999 |
|
|
|c 2237312
|d 2239242
|